00512nam a2200181Ia 4500003000900000008004100009020001600050040001600066080001700082100001400099245004600113250001300159260003900172300001500211650002400226650003700250650004300287IN-BaIIA211028s9999 xx 000 0 eng d a486-60769-0 cIIA Library a524.834bBOR aBorn, Max 0aEinstein's theory of relativitycMax Born arev. ed. aNew YorkbDover Publicationsc1965 avii, 376p. a Einstein universe a General theory of relativity  aAstronomy and astrophysics thesaurus